000 00540nam a2200169Ia 4500
003 GCL
008 140319s9999 xx 000 0 ara d
040 _aGCL /
_cGCL
082 0 4 _a810.13
_bن م
100 1 _aنجيب العقيقى
245 1 0 _aمن الادب المقارن (هدية من الاديب عبدالفتاح الجمل) /
_cنجيب العقيقى
300 _a183 ص
490 _aالهيئة العامة للاستعلامات
_v0
650 0 4 _aالادب
650 0 4 _aالادب المقارن
942 _2ddc
_cBK
999 _c46889
_d46889